000
00334nam a22001457a 4500
008
210429b ||||| |||| 00| 0 eng d
020
_a
9781285085357
041
_a
eng
080
_2
12e
_a
330.722.6
082
_a
330.722.6
100
_a
61
101
_a
KF
245
_a
Corporate Financial Accounting
_c
Warren,
942
_2
udc
_c
BK
999
_c
56965
_d
56965